000
00331nam a2200145Ia 4500
008
230718s9999 xx 000 0 und d
041
_a
Eng.
082
_a
546.24
_b
JEN-B
100
_a
Jennings, Reg
245
0
_a
Business Elites
260
_a
Pakistan
_b
London and Now You
_c
1994
300
_a
159
650
_a
Law
999
_c
26133
_d
26133